000 00603nam a2200205Ii 4500
003 JO-AjNU
008 230605s9999||||xx |||||||||||||| ||und||
040 _aJO-AjNU
_bara
_erda
_cJO-AjNU
041 _aara
050 1 4 _aBP161.2 2001
100 3 _aعبد العزيز، أمير,
_eauthor
_97043
245 0 0 _aمعالم الثقافة الإسلامية
250 _aط7
264 3 1 _aنابلس: د.ن، 2001
300 _a378ص
336 _atext
_btxt
_2rdacontent
337 _aunmediated
_bn
_2rdamedia
338 _avolume
_bnc
_2rdacarrier
650 4 _aالثقافة الاسلامية
_97044
999 _aA79
_c3647
_d3647